000 01064nam a2200241 a 4500
008 081121s2006 ||||||||||||||||| || u
020 _a0750665580
050 _aTA 403.6 Sil
100 _aMcLean, William
245 1 0 _aFabrication: the designers guide
_cresearched and written by Pete Silver, William McLean and Simon Veglio, edited by Samantha Hardingham
260 _aAmsterdam:
_bElsevier
_c2006
300 _a183p.: ill.
350 _a0.00
500 _aThe illustrated work of twelve specialist UK fabricators.
650 _aMANUFACTURING PROCESSES
650 0 _aMATERIALS
650 _aBUILDING MATERIALS
700 _aSilver, Pete
700 _aVeglio, Simon
700 _aHardingham, Samantha
995 _aMAIN LIBRARY OPEN ACCESS
_D0.00
_e739242
_FCBU-MAIN LIBRARY (Kitwe)
_H1
_I0.00
_jTA 403.6 SIL
_M1
_UAVAILABLE
_WMar 5, 2009
_y739242
_ZMain Library Open Access Collection
995 _aMAIN LIBRARY OPEN ACCESS
_D0.00
_e742085
_FCBU-MAIN LIBRARY (Kitwe)
_H1
_I0.00
_jTA 403.6 Sil
_M1
_UAVAILABLE
_WNov 26, 2010
_y742085
_ZMain Library Open Access Collection
999 _c62973
_d62973